00327nam a22001097a 4500082003000000100002500030245004200055260005000097300002500147526003700172650000800209 a891.421bMOHcL-29, P105. aAbdul ghafoor gurshi aQovita da AotarbQurshi abdul ghaforr aPeshawar.bPublic art press peshawarcc1965.  a125 p.bill.c18 cm. a0b0c0d891_421000000000000_MOH aMCE